00395cam a2200157 i 4500020002600000082001800026100002000044245002600064300002300090650002800113650001700141650002400158650002600182650001300208650001600221 a9781405158015 (cloth)00a233.7652bHAN1 aHanby, Michael,10aNo God, no science? : axviii, 435 pages ; 0aPhilosophical theology. 0aCreationism. 0aEvolution (Biology) 0aReligion and science. 0aScience. 0aPhilosophy.